Il Morgante Maggiore / (Record no. 162720)

MARC details
000 -LEADER
campo de control de longitud fija 00642nam a22001935i 4500
001 - NÚMERO DE CONTROL
campo de control 162720
003 - IDENTIFICADOR DE NÚMERO DE CONTROL
campo de control ES-MaACL
005 - FECHA Y HORA DE LA ÚLTIMA TRANSACCIÓN
campo de control 20250902063112.0
008 - DATOS DE LONGITUD FIJA--INFORMACIÓN GENERAL
campo de control de longitud fija 991019s1875 it |||| | ita d
040 ## - FUENTE DE CATALOGACIÓN
Centro catalogador/agencia de origen CCPB | B
Lengua de catalogación spa
Centro/agencia transcriptor CCPB | B
100 1# - ENTRADA PRINCIPAL--NOMBRE DE PERSONA
Nombre de persona Pulci, Luigi,
Fechas asociadas al nombre 1432-1484
9 (RLIN) 131434
245 13 - MENCIÓN DEL TÍTULO
Título Il Morgante Maggiore /
Mención de responsabilidad, etc. di Luigi Pulci ; con note di Eugenio Carmerini, del sermolli ed altri.
260 ## - PUBLICACIÓN, DISTRIBUCIÓN, ETC.
Lugar de publicación, distribución, etc. Milano :
Nombre del editor, distribuidor, etc. Edoardo Sonzogno,
Fecha de publicación, distribución, etc. 1875.
300 ## - DESCRIPCIÓN FÍSICA
Extensión 331 p. ;
Dimensiones 18 cm.
700 11 - ENTRADA AGREGADA--NOMBRE PERSONAL
Nombre de persona Camerini, Eugenio,
Término indicativo de función/relación
9 (RLIN) 34055
752 ## - ENTRADA AGREGADA--NOMBRE JERÁRQUICO DEL LUGAR
País o entidad superior Italia -
Ciudad Milán
852 ## - LOCALIZACIÓN
Ubicación ES-MaACL
Número de control de estantería F-10619
Nota libre -- Enc. hol.
Holdings
Estatus retirado Estado de pérdida Estado de daño No para préstamo Colección Biblioteca de origen Biblioteca actual Ubicación en estantería Fecha de adquisición Fuente de adquisición Total de préstamos Signatura topográfica completa Código de barras Visto por última vez Precio de reemplazo Tipo de ítem Koha
        Libros del s. XIX Biblioteca del Ateneo de Madrid Biblioteca del Ateneo de Madrid Sala Pecera Planta 2 17/01/2008     F-10619 1170478 23/02/2023 23/02/2023 Libro impreso antiguo